000 00855nas a2200289 4500
001 BR7800997
003 BR-BrBNA
005 20231205083340.0
007 ta
008 230509b bl.|||p| |||| 00| 00por d
040 _aBR-BrBNA
_bpor
_cBiblioteca Nacional de Agricultura
041 _a(Pt)
072 _aE70
100 1 _aMachado, S.S.
245 1 _aPrecos de maquinas agricolas, adubos, salario-minimo e precos minimos do arroz [Rio Grande do Sul]
650 _aCOMERCIALIZACAO
650 _aARROZ
650 _aPRECO
650 _aMAQUINA AGRICOLA
650 _aFERTILIZANTE
650 _aSALARIO MINIMO
650 _aPRECO MINIMO
650 _aRIO GRANDE DO SUL
773 0 _tLavoura Arrozeira (Brazil)
_xISSN 0023-9143
_g(Mar 1978), v. 31(305) p. 50-52
_wBR7800997
909 _a202311
_bLúcia
_c55
_dLúcia Elande
942 _2AGRIS
_n0
_cANA
999 _c98154
_d98154